La interpretación de la constitución

Guardat en:
Dades bibliogràfiques
Autor principal: Alonso García, Enrique (Autor)
Format: Llibre
Idioma:espanyol
Publicat: Madrid Centro de Estudios Constitucionales 1984
Col·lecció:Estudios Constitucionales
Matèries:
Etiquetes: Afegir etiqueta
Sense etiquetes, Sigues el primer a etiquetar aquest registre!

MARC

LEADER 00000nam a2200000 a 4500
001 UCV1248
003 CL-VaPUC
008 900321e19840000SP |||||||||||||||||spa|d
082 0 4 |a 342.46  |b ALO  |2 21 
100 0 |a Alonso García, Enrique  |e author  |9 295480 
245 1 3 |a La interpretación de la constitución 
300 |a 568 p 
942 |c BK 
945 |d 19900321 00:00:00 
260 |a Madrid  |b Centro de Estudios Constitucionales  |c 1984 
650 7 |a CONSTITUCIONES TEORIA  |2 CL-VaPUC  |9 256087 
651 0 |a España  |9 254926 
583 |a last modification  |c 19900321 00:00:00  |k Rodrigo Vera 
490 0 |a Estudios Constitucionales 
999 |c 209242  |d 209240 
952 |0 0  |1 0  |4 0  |6 342_460000000000000_ALO_1984  |7 0  |8 A  |9 184555  |a BIBDER  |b BIBDER  |d 2019-11-14  |i 2518597  |o 342.46 ALO 1984  |p 2518597  |r 2023-01-25  |w 2019-11-14  |y BK  |k DER